000 00957nmm a2200289 a 4500
001 ocm0001411682
003 TR-IsHL
005 20201028164508.0
008 160220s2015 tu eng
007 cr cn
020 _a9786059654562
035 _a1411682
_b(N$T)
050 0 4 _aPE1126
_b.P47 2015
090 0 4 _aPE1126
_b.P47 2015
100 1 _aPerrault, Charles
245 1 0 _aCinderilla
_h[electronic resource] /
_cCharles Perrault ; Translator Robert Samber ; illustrator Murat Ukray
260 _aİstanbul :
_bE-Kitap Projesi,
_c2015
300 _a39 p.
650 4 _aDil ve Edebiyat
650 4 _aLanguage and Literature
650 0 _aMasallar, Fransız
650 0 _aFairy Tales, French
650 7 _aJUVENILE FICTION / Fairy Tales & Folklore / Adaptations
_2bisacsh
700 1 _aSamber, Robert
700 1 _aUkray, Murat
856 4 0 _uhttp://search.ebscohost.com/login.aspx?direct=true&scope=site&db=e011xww&AN=1411682
999 _c15627
_d15627